LIBRARY & INFORMATION CENTRE, KCAET, TAVANUR

ONLINE PUBLIC ACCESS CATALOGUE (OPAC)

Vector analysis with an introduction to tensor analysis / (Record no. 2945)

MARC details
000 -LEADER
fixed length control field 00462cam a2200181ua 4500
041 ## - LANGUAGE CODE
Language code of text/sound track or separate title eng
082 ## - DEWEY DECIMAL CLASSIFICATION NUMBER
Classification number 515.63
Item number WIL/VE
100 ## - MAIN ENTRY--AUTHOR NAME
Personal name Wills, A P .
245 ## - TITLE STATEMENT
Title Vector analysis with an introduction to tensor analysis /
250 ## - EDITION STATEMENT
Edition statement 1 /
260 ## - PUBLICATION, DISTRIBUTION, ETC. (IMPRINT)
Place of publication New York :
Name of publisher Dover Publications ,
Year of publication 1931.
300 ## - PHYSICAL DESCRIPTION
Number of Pages 285 ; .
942 ## - ADDED ENTRY ELEMENTS (KOHA)
Koha item type Books
Holdings
Withdrawn status Lost status Damaged status Home library Current library Date acquired Full call number Accession Number Koha item type
      KAUAET KAUAET 07/04/2012 515.63 WIL/VE 5553 Books
free website counter